| 000 | 02391Cam#a22006255a#4500 | ||
|---|---|---|---|
| 003 | AR-RoUNA | ||
| 005 | 20250910094103.0 | ||
| 008 | 061013s2005||||sp|o|||f |||1 0dspa d | ||
| 020 | _a8486540585 | ||
| 040 |
_aAR-RoUNA _bspa |
||
| 041 | _aspa | ||
| 080 | _a72 | ||
| 092 |
_sSala _c72 _lC 267 |
||
| 100 | 1 |
_aCastellar-Gassol, Joan, _d1933- _919511 |
|
| 245 | 1 |
_aGaudi : _bla vida de un visionario / _cJ. Castellar-Gassol ; traduccion de Maria Iniesta i Agullo. |
|
| 260 |
_aBarcelona : _bEdicions de 1984, _c2005. |
||
| 300 |
_a142 p : _bil. col. _c18 cm. |
||
| 500 | _aNotas a los capitulos: p. 119-131. | ||
| 504 | _aBibliografia: p. 135-142. | ||
| 505 | 0 | _tINDICE | |
| 505 | 0 | _tPRIMERA PARTE | |
| 505 | 0 |
_tCAPÍTULO 1 _aEl caso del desconocido atropellado por un tranvía. p. 9 |
|
| 505 | 0 |
_tCAPÍTULO 2 _aLos orígenes. p. 13 |
|
| 505 | 0 |
_tCAPÍTULO 3 _aLa saga de los caldereros. p. 16 |
|
| 505 | 0 |
_tCAPÍTULO 4 _aEl jardín de los siete secretos. p. 20 |
|
| 505 | 0 |
_tCAPÍTULO 5 _aChimeneas y campanarios o los tres románticos. p. 25 |
|
| 505 | 0 | _tSEGUNDA PARTE | |
| 505 | 0 |
_tCAPÍTULO 6 _aEl carisma de Josep. p. 35 |
|
| 505 | 0 |
_tCAPÍTULO 7 _aBarcelona, la gran encantadora. p. 44 |
|
| 505 | 0 | _tTERCERA PARTE | |
| 505 | 0 |
_tCAPÍTULO 8 _aEl progreso. p. 51 |
|
| 505 | 0 |
_tCAPÍTULO 9 _aLa utopía. p. 56 |
|
| 505 | 0 |
_tCAPÍTULO 10 _aEl tío Antón. p. 60 |
|
| 505 | 0 |
_tCAPÍTULO 11 _aEl amor de Mataró. p. 64 |
|
| 505 | 0 |
_tCAPÍTULO 12 _aEl café de los éxtasis exaltados. p. 68 |
|
| 505 | 0 | _tCUARTA PARTE | |
| 505 | 0 |
_tCAPÍTULO 13 _aFortunas de América. p. 75 |
|
| 505 | 0 |
_tCAPÍTULO 14 _aPremonición o visiones del otro mundo. p. 81 |
|
| 505 | 0 |
_tCAPÍTULO 15 _aExtravagancias. p. 84 |
|
| 505 | 0 |
_tCAPÍTULO 16 _a¡ Adiós Padre!. p. 93 |
|
| 505 | 0 |
_tCAPÍTULO 17 _aEl Dia de la Bestia o la Semana Trágica. p. 97 |
|
| 505 | 0 | _tQUINTA PARTE | |
| 505 | 0 |
_tCAPÍTULO 18 _aRonda de muerte en el Parque Güell. p. 103 |
|
| 505 | 0 |
_tCAPÍTULO 19 _aLos cipreses de piedra. p. 107 |
|
| 505 | 0 |
_tCAPÍTULO 20 _aFin de trayecto. p. 112 |
|
| 505 | 0 | _aEpílogo. p. 117 | |
| 505 | 0 | _aNotas a Los Capítulos. p. 119 | |
| 505 | 0 | _aBibliografía. p. 135 | |
| 505 | 0 | _aReconocimientos. p. 141 | |
| 600 | 0 |
_aGaudí, Antoni _d1852-1926 _91378 |
|
| 930 | _e7498 | ||
| 942 | _cLIB | ||
| 945 |
_aMEM _d2025-09-10 |
||
| 980 |
_8138 _gCarolina Rainero |
||
| 999 |
_c4251 _d4251 |
||